000 00306 a2200145 4500
001 151244
040 _cEscola São Tomás de Aquino
240 1 0 _aNossa bandeira
_lpor
245 1 0 _aNossa bandeira
300 _a40
362 0 _a2011
440 1 _aCortez
697 _a*LITERATURA INFANTO
942 _cBK
999 _c151244
_d151244